| 000 | 00440nam a2200169 a 4500 | ||
|---|---|---|---|
| 005 | 20140310183507.0 | ||
| 008 | 100920s19uu xx 00 eng d | ||
| 020 | _a0449241491 | ||
| 050 |
_aPS 3505 _b.C147 1979 |
||
| 100 | _aCaldwell, Taylor | ||
| 245 | _aBright flows the river / | ||
| 260 |
_aUnited States : _bFawcett Crest Books, _c1979. |
||
| 300 |
_a510 p. : _c18 cm. |
||
| 650 | _aFiction | ||
| 942 |
_cBK _2lcc |
||
| 999 |
_c24078 _d24078 |
||